Numerical methods with Fortran IV case studies

Gardado en:
Detalles Bibliográficos
Autor Principal: Dorn, William S (Author)
Outros autores: McCracken, Daniel D. (autor)
Formato: Libro
Idioma:inglés
Publicado: Nueva York John Wiley 1972
Subjects:
Tags: Engadir etiqueta
Sen Etiquetas, Sexa o primeiro en etiquetar este rexistro!

MARC

LEADER 00000nam a2200000 a 4500
001 UCW0924
003 CL-VaPUC
008 900528e19720000US |||||||||||||||||eng|d
082 0 4 |a 519.4  |b DOR  |2 21 
100 |a Dorn, William S  |e author  |9 357812 
700 |a McCracken, Daniel D.  |e autor  |9 479409 
245 1 0 |a Numerical methods with Fortran IV case studies 
300 |a 447 p 
942 |c BK 
945 |d 19900528 00:00:00 
260 |a Nueva York  |b John Wiley  |c 1972 
650 0 |a Análisis numérico   |9 259387 
650 0 |a Análisis numérico   |9 259387 
650 7 |a FORTRAN  |2 CL-VaPUC  |9 260109 
583 |a last modification  |c 19900528 00:00:00  |k Rodrigo Vera 
999 |c 215939  |d 215937 
952 |0 0  |1 0  |4 0  |6 519_400000000000000_DOR_1972  |7 0  |8 A  |9 201216  |a BIBMAT  |b BIBMAT  |d 2019-11-14  |i 1321625  |o 519.4 DOR 1972  |p 1321625  |r 2025-01-07  |w 2019-11-14  |y BK  |k MAT